01084nam a22001577a 4500003000900000005001700009008004100026040001300067100007500080245006100155250000600216260003100222300002000253490001600273520063700289IT-RoPau20220918175937.0130110b xxu||||| |||| 00| 0 eng d cIT-RoPau aAlberione James [Giacomo] - Ferrero MaurusqFondatore Famiglia Paolina aA Year With Ven. James Alberione.bCompiled by J. Maurus aI aMandra [Mumbai]bSSPc2000 a315 p.c16,5 cm aSt. PaulvI aPRESENTATION INTRODUCTION Ven. James Alberione: Biographical hints JANUARY You Have Only One Master FEBRUARY Jesus Grew MARCH Jesus the Carpenter, the Son of Mary APRIL Jesus Called His Disciplines so that They might be with Him MAY Jesus Called Them Apostles JUNE The Scriptures Bear Me Testimony JULY Jesus First Did, Then Taught AUGUST If You Knew the Gift of God SEPTEMBER I Am the Vine OCTOBER If Any Wants to Follow Me, Let Him Deny Himself NOVEMBER That All May Be One DECEMBER Behold Your Mother Goodbye